[Event "Schloss op 1st"]
[Site "Heusenstamm"]
[Date "2014.11.20"]
[Round "1.55"]
[White "Kolker, Vladislav"]
[Black "Indorf, Noah David"]
[Result "1-0"]
[WhiteElo "1982"]
[BlackElo "977"]
[PlyCount "45"]
[EventDate "2014.11.??"]
[EventType "swiss"]
[EventRounds "7"]
[EventCountry "GER"]
[WhiteTeam "SC Bad Nauheim"]
[BlackTeam "SC Heusenstamm"]

1. e4 e5 2. f4 d5 3. exd5 Qxd5 4. Nc3 Qd6 5. fxe5 Qxe5+ 6. Be2 Bc5 7. Nf3 Qe6
8. d4 Bb4 9. O-O Nf6 10. Bb5+ c6 11. Re1 Ne4 12. Rxe4 Qxe4 13. Nxe4 cxb5 14.
Qe2 O-O 15. Qxb5 Be7 16. Qh5 h6 17. Bxh6 g6 18. Qe5 f6 19. Qxe7 Rf7 20. Qe8+
Kh7 21. Qxf7+ Kxh6 22. Nxf6 Bf5 23. Qh7# 1-0

[Event "Schloss op 1st"]
[Site "Heusenstamm"]
[Date "2014.11.20"]
[Round "1.56"]
[White "Fitzke, Tobias"]
[Black "Nixdorf, Andre"]
[Result "0-1"]
[WhiteElo "959"]
[BlackElo "1977"]
[PlyCount "40"]
[EventDate "2014.11.??"]
[EventType "swiss"]
[EventRounds "7"]
[EventCountry "GER"]
[WhiteTeam "SC Heusenstamm"]
[BlackTeam "SK Norderstedt"]

1. e4 c5 2. Nf3 d6 3. d4 cxd4 4. Nxd4 Nf6 5. Nc3 a6 6. Bc4 e6 7. Bg5 Be7 8. O-O
O-O 9. Qf3 Qc7 10. Bd3 Nbd7 11. Qg3 b5 12. Bh6 Ne8 13. Nce2 Kh8 14. Bf4 e5 15.
Bg5 Bxg5 16. Qxg5 exd4 17. Nxd4 Nc5 18. Qh5 Nf6 19. Qg5 Nfxe4 20. Nf5 Nxg5 0-1

[Event "Schloss op 1st"]
[Site "Heusenstamm"]
[Date "2014.11.20"]
[Round "1.57"]
[White "Klyszcz, Michael"]
[Black "Fey, Karl-Heinz"]
[Result "1-0"]
[WhiteElo "1969"]
[BlackElo "884"]
[PlyCount "59"]
[EventDate "2014.11.??"]
[EventType "swiss"]
[EventRounds "7"]
[EventCountry "GER"]
[WhiteTeam "SG Loeberitz"]
[BlackTeam "SC Hassloch"]

1. Nf3 d5 2. g3 e6 3. Bg2 Nf6 4. O-O Be7 5. c4 dxc4 6. Na3 Bxa3 7. bxa3 a6 8.
Rb1 c6 9. a4 b5 10. Ba3 Qa5 11. Ne5 Bb7 12. Nxc4 bxc4 13. Rxb7 Nfd7 14. Qc2 Nc5
15. Bb4 Qxa4 16. Qxa4 Nxa4 17. Rb1 c5 18. Bxc5 Nxc5 19. Rxb8+ Ke7 20. Bxa8 Rxb8
21. Rxb8 a5 22. Rc8 Kd6 23. Rc6+ Kd5 24. Ra6+ Kd4 25. Rxa5 f5 26. e3+ Kd3 27.
Rxc5 Kxd2 28. Rxc4 Ke2 29. Rd4 e5 30. Rd7 1-0

[Event "Schloss op 1st"]
[Site "Heusenstamm"]
[Date "2014.11.20"]
[Round "1.58"]
[White "Zint, Timo"]
[Black "Keller, Alexander"]
[Result "0-1"]
[WhiteElo "787"]
[BlackElo "1963"]
[PlyCount "64"]
[EventDate "2014.11.??"]
[EventType "swiss"]
[EventRounds "7"]
[EventCountry "GER"]
[WhiteTeam "SC Heusenstamm"]
[BlackTeam "SK Buchloe"]

1. e4 c5 2. Nc3 Nc6 3. Bb5 d6 4. Nf3 Bd7 5. a4 g6 6. O-O Bg7 7. d4 Nxd4 8. Nxd4
Bxd4 9. Nd5 e6 10. Bxd7+ Qxd7 11. c3 Bg7 12. Bg5 exd5 13. Qxd5 Ne7 14. Bxe7
Qxe7 15. Rad1 Rd8 16. Rfe1 O-O 17. e5 dxe5 18. Qe4 Rd7 19. Rc1 Rfd8 20. Qb1 Rd2
21. Rf1 Qd7 22. b3 Qd3 23. Qxd3 R8xd3 24. a5 e4 25. Rce1 f5 26. c4 Rxb3 27. h3
Rbb2 28. h4 Bd4 29. Kh1 Bxf2 30. Rc1 Bd4 31. h5 Rxg2 32. hxg6 Rh2# 0-1

[Event "Schloss op 1st"]
[Site "Heusenstamm"]
[Date "2014.11.21"]
[Round "2.1"]
[White "Eichner, Christian"]
[Black "Li, Chao b"]
[Result "0-1"]
[WhiteElo "2058"]
[BlackElo "2722"]
[PlyCount "58"]
[EventDate "2014.11.??"]
[EventType "swiss"]
[EventRounds "7"]
[EventCountry "GER"]
[WhiteTeam "SV TuR Dresden"]
[BlackTeam "SK Schwaebisch Hall"]

1. e4 c5 2. Nf3 d6 3. Bb5+ Bd7 4. Bxd7+ Qxd7 5. O-O Nf6 6. Re1 Nc6 7. c3 e6 8.
d4 cxd4 9. cxd4 d5 10. e5 Ne4 11. Nbd2 Nxd2 12. Bxd2 Be7 13. Bg5 O-O 14. Rc1
Bxg5 15. Nxg5 Qe7 16. f4 Qb4 17. Nf3 Qxb2 18. Rb1 Qxa2 19. Rxb7 Rab8 20. Rc7
Rbc8 21. Rxc8 Rxc8 22. Re2 Qa6 23. Rc2 Nb4 24. Rxc8+ Qxc8 25. Qb1 a5 26. g4 Qc3
27. Kf2 a4 28. f5 a3 29. fxe6 fxe6 0-1

[Event "Schloss op 1st"]
[Site "Heusenstamm"]
[Date "2014.11.21"]
[Round "2.2"]
[White "Rausis, Igors"]
[Black "Baumgartl, Guenther"]
[Result "1-0"]
[WhiteElo "2586"]
[BlackElo "2060"]
[PlyCount "93"]
[EventDate "2014.11.??"]
[EventType "swiss"]
[EventRounds "7"]
[EventCountry "GER"]
[WhiteTeam "Godesberger SK"]
[BlackTeam "SC 1952 Obertshausen"]

1. d4 d5 2. c4 e5 3. dxe5 d4 4. Nf3 Nc6 5. a3 Be6 6. Nbd2 a5 7. Nb3 Bxc4 8.
Nbxd4 Bc5 9. Qc2 Nxe5 10. Nf5 Qd5 11. Nxe5 Qxe5 12. Nxg7+ Qxg7 13. Qxc4 Qd4 14.
e3 Qxc4 15. Bxc4 Nf6 16. O-O Rd8 17. b4 axb4 18. axb4 Bxb4 19. Bb2 Ke7 20. Ra7
Rd2 21. Rb1 Bd6 22. Ra2 Rxb2 23. Raxb2 b6 24. g3 Ra8 25. Kg2 Ra5 26. f3 Rc5 27.
Rc2 Nd5 28. Kf2 f5 29. Bd3 Nb4 30. Rxb4 Rxc2+ 31. Bxc2 Bxb4 32. Bxf5 h6 33. f4
Bc5 34. Kf3 b5 35. Bd3 c6 36. e4 Bd4 37. e5 Bg1 38. h3 Ke6 39. Ke4 Bh2 40. g4
Bg3 41. Be2 Bh4 42. g5 hxg5 43. f5+ Kf7 44. Bh5+ Kf8 45. f6 g4 46. Kf5 gxh3 47.
e6 1-0

[Event "Schloss op 1st"]
[Site "Heusenstamm"]
[Date "2014.11.21"]
[Round "2.3"]
[White "Zweschper, Erich"]
[Black "Sumets, Andrey"]
[Result "0-1"]
[WhiteElo "2043"]
[BlackElo "2580"]
[PlyCount "65"]
[EventDate "2014.11.??"]
[EventType "swiss"]
[EventRounds "7"]
[EventCountry "GER"]
[WhiteTeam "SVG Eppstein 1932"]
[BlackTeam "SF Lilienthal"]

1. d4 Nf6 2. Bg5 d5 3. c4 Ne4 4. Bf4 e6 5. a3 c5 6. f3 Nf6 7. e3 Nc6 8. dxc5
Bxc5 9. b4 Bd6 10. Bg5 O-O 11. c5 Be7 12. Bd3 a5 13. b5 Ne5 14. Ne2 Bxc5 15.
Nbc3 h6 16. h4 a4 17. Rh3 Nxd3+ 18. Qxd3 Re8 19. Nf4 Bd6 20. Rd1 Bxf4 21. exf4
hxg5 22. hxg5 e5 23. Rh4 e4 24. Qd4 Nh7 25. Kf2 e3+ 26. Ke2 Nf8 27. Rdh1 f6 28.
Rh8+ Kf7 29. gxf6 Qxf6 30. Qxd5+ Be6 31. Qxb7+ Re7 32. Rxf8+ Rxf8 33. Ne4 0-1

[Event "Schloss op 1st"]
[Site "Heusenstamm"]
[Date "2014.11.21"]
[Round "2.4"]
[White "Danin, Alexandre"]
[Black "Roemer, Torsten"]
[Result "1-0"]
[WhiteElo "2564"]
[BlackElo "2058"]
[PlyCount "83"]
[EventDate "2014.11.??"]
[EventType "swiss"]
[EventRounds "7"]
[EventCountry "GER"]
[WhiteTeam "Bochumer SV"]
[BlackTeam "SK Niederbrechen 1948"]

1. e4 c5 2. Nf3 g6 3. d4 cxd4 4. Nxd4 Nc6 5. c4 Nf6 6. Nc3 Nxd4 7. Qxd4 d6 8.
Be3 Bg7 9. f3 O-O 10. Qd2 Be6 11. Rc1 Qa5 12. b3 Rfc8 13. Nb5 Qxd2+ 14. Kxd2 a6
15. Nd4 Bd7 16. Bd3 e5 17. Ne2 h5 18. Rc2 Kh7 19. Rhc1 Bh6 20. Nc3 Bxe3+ 21.
Kxe3 Kg7 22. Bf1 Kf8 23. h4 Bc6 24. Rd1 Ke7 25. Rcd2 Rd8 26. g3 Ne8 27. Bh3 a5
28. Rc1 Nc7 29. f4 f6 30. Rcd1 Na6 31. Bf1 a4 32. c5 Nxc5 33. b4 Ne6 34. b5 Be8
35. Nd5+ Kf7 36. Nb6 Nd4 37. Nxa8 Rxa8 38. Rc1 Bxb5 39. Bxb5 Nxb5 40. Rd5 Nd4
41. Rxd6 Ra6 42. Rc7+ 1-0

[Event "Schloss op 1st"]
[Site "Heusenstamm"]
[Date "2014.11.21"]
[Round "2.5"]
[White "Carow, Annelen"]
[Black "Borovikov, Vladislav"]
[Result "0-1"]
[WhiteElo "2034"]
[BlackElo "2556"]
[PlyCount "76"]
[EventDate "2014.11.??"]
[EventType "swiss"]
[EventRounds "7"]
[EventCountry "GER"]
[WhiteTeam "SF Heidesheim"]
[BlackTeam "SC Siegburg"]

1. d4 d5 2. c4 e6 3. Nf3 Nf6 4. cxd5 exd5 5. Qc2 c6 6. Nc3 Be7 7. Bg5 g6 8. e3
Bf5 9. Bd3 Bxd3 10. Qxd3 Nbd7 11. O-O O-O 12. Nd2 Re8 13. Rab1 a5 14. a4 Nh5
15. Bxe7 Qxe7 16. Rbe1 Qb4 17. f4 Ndf6 18. f5 Qxb2 19. fxg6 hxg6 20. Rb1 Qa3
21. Rxb7 Re7 22. Rxe7 Qxe7 23. e4 dxe4 24. Ndxe4 Rd8 25. Ng5 Qd7 26. h3 Qxd4+
27. Qxd4 Rxd4 28. g4 Nf4 29. Rf3 Kg7 30. Kf2 N4d5 31. Kg2 Nxc3 32. Rxc3 Rxa4
33. Rxc6 Nxg4 34. Rc7 Ne5 35. Ne6+ Kf6 36. Nc5 Rc4 37. Kf1 Kf5 38. Ke2 a4 0-1

[Event "Schloss op 1st"]
[Site "Heusenstamm"]
[Date "2014.11.21"]
[Round "2.6"]
[White "Sadzikowski, Daniel"]
[Black "Schrader, Hans Joachim"]
[Result "1-0"]
[WhiteElo "2496"]
[BlackElo "2043"]
[PlyCount "115"]
[EventDate "2014.11.??"]
[EventType "swiss"]
[EventRounds "7"]
[EventCountry "GER"]
[WhiteTeam "SC Heusenstamm"]
[BlackTeam "SV Kinzigtal"]

1. Nf3 d5 2. c4 d4 3. e3 Nc6 4. exd4 Nxd4 5. Nxd4 Qxd4 6. Nc3 c6 7. d3 Nf6 8.
Be3 Qd8 9. d4 g6 10. Be2 Bg7 11. O-O O-O 12. h3 Be6 13. Qa4 Qd7 14. Rfd1 Rfd8
15. Rac1 a6 16. Qa5 b5 17. b3 h5 18. Qb6 Qd6 19. d5 cxd5 20. cxb5 axb5 21. Nxb5
Qxb6 22. Bxb6 Rdb8 23. Bc7 Rb7 24. a4 Ne4 25. Bf4 Rd8 26. f3 Nf6 27. a5 Bd7 28.
a6 Rxb5 29. Bxb5 Bxb5 30. a7 Ra8 31. Rc7 e5 32. Rb7 Rxa7 33. Rxa7 exf4 34. Rb7
Bd7 35. b4 Be6 36. b5 Nd7 37. Rxd7 Bxd7 38. Rxd5 Bxb5 39. Rxb5 Bd4+ 40. Kf1 Kg7
41. Rb7 g5 42. Ke2 Kg6 43. Kd3 Bg7 44. Ke4 Ba1 45. Rb5 h4 46. Rb1 Bc3 47. Rb5
Ba1 48. Rb6+ f6 49. Rb5 Bc3 50. Kd5 Kf7 51. Rb7+ Kg6 52. Ke6 Bd4 53. Rb8 Ba1
54. Rg8+ Kh7 55. Ra8 Bb2 56. Kf5 Kg7 57. Ra7+ Kh6 58. Rf7 1-0

[Event "Schloss op 1st"]
[Site "Heusenstamm"]
[Date "2014.11.21"]
[Round "2.7"]
[White "Schmittdiel, Eckhard"]
[Black "Weiss, Matthias"]
[Result "1-0"]
[WhiteElo "2450"]
[BlackElo "2042"]
[PlyCount "105"]
[EventDate "2014.11.??"]
[EventType "swiss"]
[EventRounds "7"]
[EventCountry "GER"]
[WhiteTeam "SC Hansa Dortmund"]
[BlackTeam "SF Schoeneck"]

1. e4 c5 2. Nf3 e6 3. d3 d5 4. Qe2 dxe4 5. dxe4 Nc6 6. c3 Nf6 7. g3 Be7 8. Bg2
O-O 9. O-O Qc7 10. Na3 Rd8 11. Nc4 Nd7 12. a4 b6 13. Na3 a6 14. Nc4 Bb7 15. Bf4
e5 16. Be3 a5 17. Na3 Ba6 18. Nb5 Qb8 19. Ne1 Na7 20. Nc2 Nxb5 21. axb5 Bc8 22.
Rfd1 Nf8 23. Rxd8 Bxd8 24. Bd2 Be6 25. Ne3 Bg5 26. Nd5 Bxd2 27. Qxd2 Ra7 28.
Re1 f6 29. Bf1 Rd7 30. Bc4 Kh8 31. Qe2 Qd8 32. h4 Rd6 33. Kg2 Ng6 34. b3 Ne7
35. Ne3 Rd2 36. Qf3 Bxc4 37. Nxc4 Rd3 38. Qg4 Qc8 39. Qe2 Qd8 40. Nxb6 Rxc3 41.
Na4 Rxb3 42. Nxc5 Rb4 43. Na6 Rd4 44. Rc1 h6 45. Nc7 Rb4 46. Na6 Rd4 47. Rc7
Rd2 48. Qc4 Kh7 49. b6 Rb2 50. b7 Qd2 51. Qc5 Qd3 52. b8=Q Qxe4+ 53. Kh2 1-0

[Event "Schloss op 1st"]
[Site "Heusenstamm"]
[Date "2014.11.21"]
[Round "2.8"]
[White "Euler, Stephan"]
[Black "Inkiov, Ventzislav"]
[Result "0-1"]
[WhiteElo "2030"]
[BlackElo "2429"]
[PlyCount "100"]
[EventDate "2014.11.??"]
[EventType "swiss"]
[EventRounds "7"]
[EventCountry "GER"]
[WhiteTeam "SC Ladja Rossdorf"]

1. e4 c5 2. c3 d5 3. exd5 Qxd5 4. d4 e6 5. Nf3 Nf6 6. Be2 Nc6 7. O-O Be7 8. Na3
O-O 9. Nc2 Rd8 10. dxc5 Qxc5 11. Qe1 Qb6 12. Ncd4 Nxd4 13. Nxd4 e5 14. Nb3 a5
15. Be3 Qc7 16. Rd1 Nd5 17. Bd3 a4 18. Nc1 a3 19. bxa3 Nxc3 20. Rd2 Rxa3 21.
Rc2 Bb4 22. Bg5 f6 23. Bd2 Be6 24. Qe3 Qd6 25. Bxc3 Rxc3 26. Rxc3 Bxc3 27.
Bxh7+ Kxh7 28. Qxc3 Qd2 29. Qxd2 Rxd2 30. f3 Bc4 31. Re1 b5 32. h3 Kg6 33. Kh2
Kf5 34. Kg3 g5 35. Kh2 Ke6 36. Nb3 Rxa2 37. Nc5+ Kf5 38. Rc1 Kf4 39. Nd7 Be2
40. Kg1 f5 41. Nf6 e4 42. Nd5+ Kg3 43. fxe4 Bd3 44. Ne3 fxe4 45. Re1 b4 46.
Nf5+ Kf4 47. Nd4 Rb2 48. Ne6+ Ke5 49. Nxg5 b3 50. h4 Re2 0-1

[Event "Schloss op 1st"]
[Site "Heusenstamm"]
[Date "2014.11.21"]
[Round "2.9"]
[White "Skembris, Spyridon"]
[Black "Held, Carsten"]
[Result "1-0"]
[WhiteElo "2420"]
[BlackElo "2033"]
[PlyCount "89"]
[EventDate "2014.11.??"]
[EventType "swiss"]
[EventRounds "7"]
[EventCountry "GER"]
[WhiteTeam "SF Zaehringen"]
[BlackTeam "SC Ladja Rossdorf"]

1. c4 c5 2. Nf3 Nc6 3. Nc3 g6 4. g3 Bg7 5. Bg2 Nf6 6. d4 cxd4 7. Nxd4 O-O 8.
O-O Qb6 9. Nb3 d6 10. Bg5 Be6 11. Nd5 Bxd5 12. cxd5 Ne5 13. Be3 Qa6 14. Bd4
Rac8 15. f4 Ned7 16. e4 Ne8 17. Bh3 Rc7 18. Re1 Bxd4+ 19. Nxd4 Ng7 20. Qb3 Rd8
21. Qb5 Qxb5 22. Nxb5 Rc2 23. Bxd7 Rxd7 24. Rec1 Rxc1+ 25. Rxc1 f5 26. Nxa7
fxe4 27. Rc4 Kf7 28. Nb5 h5 29. Rxe4 Ne8 30. Rc4 Nf6 31. Rc7 Rd8 32. Nc3 Rb8
33. a4 Ne8 34. Rc4 Nf6 35. h3 Ke8 36. Kf2 Nd7 37. Ke3 Kd8 38. g4 hxg4 39. hxg4
Nf6 40. g5 Nh5 41. f5 Kd7 42. fxg6 Rg8 43. Rh4 Ng3 44. Rh3 Nf5+ 45. Ke4 1-0

[Event "Schloss op 1st"]
[Site "Heusenstamm"]
[Date "2014.11.21"]
[Round "2.10"]
[White "Kropp, Volker"]
[Black "Zuyev, Igor"]
[Result "0-1"]
[WhiteElo "2025"]
[BlackElo "2379"]
[PlyCount "94"]
[EventDate "2014.11.??"]
[EventType "swiss"]
[EventRounds "7"]
[EventCountry "GER"]
[WhiteTeam "SV Mainz Mombach"]
[BlackTeam "SC Heusenstamm"]

1. d4 Nf6 2. Nf3 e6 3. g3 b5 4. Bg2 Bb7 5. O-O c5 6. a4 b4 7. b3 d5 8. Bb2 Nc6
9. e3 Bd6 10. c4 dxc4 11. bxc4 O-O 12. Nbd2 cxd4 13. exd4 Rb8 14. Re1 Na5 15.
Rc1 Re8 16. Nb3 Bc6 17. Nxa5 Qxa5 18. Ne5 Bxg2 19. Kxg2 Qa6 20. Qb3 Bxe5 21.
Rxe5 Qd6 22. f3 a6 23. Rce1 Rec8 24. Rg5 h6 25. Rge5 Nd7 26. c5 Qc7 27. R5e2
Nf6 28. Re5 Qc6 29. Kg1 a5 30. f4 g6 31. Qd3 Kh7 32. h3 Rd8 33. Kh2 Kg7 34.
R1e2 Nd5 35. Qf3 h5 36. g4 hxg4 37. hxg4 Qxa4 38. f5 Rh8+ 39. Kg3 gxf5 40. gxf5
Rbg8 41. Rxd5 Kf6+ 42. Kf2 Rh2+ 43. Ke1 Rg1+ 44. Kd2 Rd1+ 45. Ke3 Qb3+ 46. Kf4
Rh4+ 47. Kg3 Rh3+ 0-1

[Event "Schloss op 1st"]
[Site "Heusenstamm"]
[Date "2014.11.21"]
[Round "2.12"]
[White "De Silva, Joel Niels"]
[Black "Solonar, Stefan"]
[Result "0-1"]
[WhiteElo "2018"]
[BlackElo "2350"]
[PlyCount "116"]
[EventDate "2014.11.??"]
[EventType "swiss"]
[EventRounds "7"]
[EventCountry "GER"]
[WhiteTeam "SV Hockenheim"]
[BlackTeam "SC Heusenstamm"]

1. e4 c5 2. Nf3 Nc6 3. d4 cxd4 4. Nxd4 e5 5. Nb5 d6 6. N1c3 a6 7. Na3 b5 8. Nd5
Nf6 9. Bg5 Be7 10. Bxf6 Bxf6 11. c3 Bb7 12. Nc2 Bg5 13. a4 bxa4 14. Rxa4 O-O
15. Bc4 Nb8 16. h4 Bh6 17. Qg4 Nd7 18. Ra3 Nc5 19. O-O Bc8 20. Qe2 Qxh4 21. f3
Bb7 22. Nce3 g6 23. Rd1 Bxd5 24. Bxd5 Rad8 25. c4 Rb8 26. Nf1 Rb3 27. Rxb3 Nxb3
28. Qd3 Nd4 29. b4 Rb8 30. Rb1 Kg7 31. Rb2 Qe1 32. b5 axb5 33. cxb5 Rxb5 34.
Rxb5 Ne2+ 35. Qxe2 Qxe2 36. Rb7 Be3+ 37. Nxe3 Qxe3+ 38. Kf1 Qf4 39. Kf2 h5 40.
Ke2 g5 41. Kf2 Qd2+ 42. Kf1 g4 43. Rxf7+ Kg6 44. fxg4 hxg4 45. Rf8 Qd3+ 46. Kg1
Qe3+ 47. Kf1 Kg5 48. Rf2 Kh4 49. Re2 Qd4 50. Ra2 Kg3 51. Re2 Kh2 52. Ke1 Kg1
53. Rd2 Qe3+ 54. Kd1 g3 55. Re2 Qxe2+ 56. Kxe2 Kxg2 57. Ke3 Kh2 58. Bc4 g2 0-1

[Event "Schloss op 1st"]
[Site "Heusenstamm"]
[Date "2014.11.21"]
[Round "2.14"]
[White "Junker, Christian"]
[Black "Alber, Horst"]
[Result "0-1"]
[WhiteElo "2010"]
[BlackElo "2305"]
[PlyCount "86"]
[EventDate "2014.11.??"]
[EventType "swiss"]
[EventRounds "7"]
[EventCountry "GER"]
[WhiteTeam "SV 1926 Neu Isenburg"]
[BlackTeam "SK Marburg 1931/72"]

1. Nf3 Nf6 2. d3 g6 3. g3 Bg7 4. Bg2 O-O 5. O-O d6 6. e4 c5 7. c3 Nc6 8. Qe2 e5
9. a3 Re8 10. b4 b6 11. b5 Na5 12. Nfd2 d5 13. exd5 Nxd5 14. Bb2 Rb8 15. Re1
Bf5 16. Be4 Be6 17. c4 Nc7 18. Bc3 Nb7 19. a4 Nd6 20. Bc6 Bd7 21. Bg2 a5 22.
bxa6 Nxa6 23. Nf3 e4 24. dxe4 Rxe4 25. Qd1 Rxe1+ 26. Qxe1 Qe8 27. Qc1 Qe7 28.
Bxg7 Kxg7 29. Nc3 Bc6 30. Nd5 Bxd5 31. cxd5 Qf6 32. Rb1 Nb4 33. Ne1 Ra8 34. Qd1
h5 35. f4 h4 36. Nc2 Rxa4 37. Nxb4 Rxb4 38. Rxb4 cxb4 39. Bf3 hxg3 40. hxg3 Qc3
41. Kg2 b3 42. Qg1 b2 43. Qxb6 Qc2+ 0-1

[Event "Schloss op 1st"]
[Site "Heusenstamm"]
[Date "2014.11.21"]
[Round "2.15"]
[White "Foermes, Alexander"]
[Black "Cordes, Hans Joerg"]
[Result "0-1"]
[WhiteElo "2012"]
[BlackElo "2243"]
[PlyCount "62"]
[EventDate "2014.11.??"]
[EventType "swiss"]
[EventRounds "7"]
[EventCountry "GER"]
[WhiteTeam "SK Marburg 1931/72"]
[BlackTeam "VSG 1880 Offenbach"]

1. c4 e6 2. g3 d5 3. Nf3 Nf6 4. Bg2 Be7 5. O-O O-O 6. d4 c5 7. cxd5 exd5 8. Nc3
Nc6 9. b3 Bg4 10. dxc5 Bxc5 11. Na4 Be7 12. Bb2 Qd7 13. Rc1 Rad8 14. Nd4 Rfe8
15. Nxc6 bxc6 16. f3 Bf5 17. Qd4 Bd6 18. Rfe1 Be5 19. Qc5 Bxb2 20. Nxb2 Rc8 21.
Na4 h5 22. Qd4 Qe7 23. Nc5 Rb8 24. Kf2 a5 25. a3 Nd7 26. b4 axb4 27. axb4 Ne5
28. Nd3 Bxd3 29. exd3 Qxb4 30. Qc3 d4 31. Qc2 Qa3 0-1

[Event "Schloss op 1st"]
[Site "Heusenstamm"]
[Date "2014.11.21"]
[Round "2.16"]
[White "Baskin, Robert"]
[Black "Krueger, Till"]
[Result "1-0"]
[WhiteElo "2212"]
[BlackElo "2016"]
[PlyCount "73"]
[EventDate "2014.11.??"]
[EventType "swiss"]
[EventRounds "7"]
[EventCountry "GER"]
[WhiteTeam "TuS Makkabi Frankfurt"]
[BlackTeam "SC Nidderau"]

1. e4 g6 2. d4 Bg7 3. Nc3 a6 4. f4 d5 5. e5 h5 6. Nf3 Nh6 7. Be3 Bg4 8. h3 Bxf3
9. Qxf3 e6 10. g3 Nc6 11. O-O-O Qe7 12. g4 O-O-O 13. Na4 Nb8 14. c4 hxg4 15.
hxg4 Qd7 16. Nc3 Qc6 17. cxd5 Rxd5 18. Bg2 Rdd8 19. Qe2 Qd7 20. d5 exd5 21.
Nxd5 Qe6 22. Bf3 Nc6 23. Kb1 Rhe8 24. Qg2 Ng8 25. Rc1 Kb8 26. Rc2 Rd7 27. Rhc1
Red8 28. Rxc6 bxc6 29. Nb4 Ne7 30. Nxa6+ Kc8 31. Nc5 Nd5 32. Qe2 Nb4 33. Nxe6
fxe6 34. Qc4 Bf8 35. a3 Nd5 36. Qa6+ Kb8 37. Qa7+ 1-0

[Event "Schloss op 1st"]
[Site "Heusenstamm"]
[Date "2014.11.21"]
[Round "2.17"]
[White "Schneider, Johannes"]
[Black "Von Rahden, Arvid"]
[Result "0-1"]
[WhiteElo "2001"]
[BlackElo "2190"]
[PlyCount "64"]
[EventDate "2014.11.??"]
[EventType "swiss"]
[EventRounds "7"]
[EventCountry "GER"]
[WhiteTeam "SV Mainz Mombach"]
[BlackTeam "SC Heusenstamm"]

1. e4 d5 2. exd5 Qxd5 3. Nc3 Qa5 4. d4 c6 5. Bc4 Nf6 6. Bd2 Bf5 7. Nf3 e6 8.
O-O Qc7 9. Re1 Be7 10. h3 O-O 11. Nh4 Bg6 12. Nxg6 hxg6 13. Ne4 Nxe4 14. Rxe4
Nd7 15. c3 Nb6 16. Bb3 Rad8 17. Qf3 c5 18. Bf4 Qc6 19. dxc5 Bxc5 20. Rae1 Nd5
21. Be5 Ne7 22. Bf4 Nf5 23. g4 Nd6 24. Bxd6 Rxd6 25. Kg2 Rfd8 26. R4e2 Qc7 27.
Qe4 Qe7 28. Qf3 Rd3 29. Qe4 Qh4 30. Rh1 Rd2 31. f4 R8d3 32. Bc2 Qg3+ 0-1

[Event "Schloss op 1st"]
[Site "Heusenstamm"]
[Date "2014.11.21"]
[Round "2.18"]
[White "Chandler, Patrick"]
[Black "Schultze, Joerg Martin"]
[Result "1/2-1/2"]
[WhiteElo "2178"]
[BlackElo "2011"]
[PlyCount "33"]
[EventDate "2014.11.??"]
[EventType "swiss"]
[EventRounds "7"]
[EventCountry "GER"]
[WhiteTeam "SC 1934 Gelnhausen"]
[BlackTeam "SF Anderssen Wetzlar"]

1. Nf3 Nf6 2. b3 g6 3. Bb2 Bg7 4. e4 d6 5. e5 Ng4 6. d4 dxe5 7. h3 Nh6 8. Nxe5
Bxe5 9. dxe5 Qxd1+ 10. Kxd1 Be6 11. g4 Nc6 12. a3 O-O-O+ 13. Kc1 Nd4 14. Nd2 f6
15. Bc4 Bxc4 16. Nxc4 Nf7 17. exf6 1/2-1/2

[Event "Schloss op 1st"]
[Site "Heusenstamm"]
[Date "2014.11.21"]
[Round "2.19"]
[White "Nixdorf, Andre"]
[Black "Schreiner, Roland"]
[Result "0-1"]
[WhiteElo "1977"]
[BlackElo "2150"]
[PlyCount "65"]
[EventDate "2014.11.??"]
[EventType "swiss"]
[EventRounds "7"]
[EventCountry "GER"]
[WhiteTeam "SK Norderstedt"]
[BlackTeam "SC Heusenstamm"]

1. e4 d6 2. d4 Nf6 3. Nc3 g6 4. Nf3 c6 5. a4 a5 6. Be2 Bg7 7. O-O O-O 8. h3 Qc7
9. Be3 Na6 10. Qd2 Rd8 11. Rfd1 Nb4 12. Rac1 b6 13. Bh6 Bh8 14. Ng5 Ba6 15.
Bxa6 Nxa6 16. Qe2 e5 17. dxe5 dxe5 18. Rxd8+ Qxd8 19. Rd1 Qe8 20. Qc4 Nc5 21.
Rd6 Bg7 22. Bxg7 Kxg7 23. b4 axb4 24. Qxb4 Rd8 25. Rxd8 Qxd8 26. Nf3 Nfd7 27.
Qc4 f6 28. Nd2 Nf8 29. Nf3 Nfe6 30. g3 Kf7 31. Kg2 Ke7 32. Qb4 Nd4 33. a5 0-1

[Event "Schloss op 1st"]
[Site "Heusenstamm"]
[Date "2014.11.21"]
[Round "2.20"]
[White "Heider, Martin"]
[Black "Diez, Gerhard"]
[Result "1-0"]
[WhiteElo "2132"]
[BlackElo "2007"]
[PlyCount "81"]
[EventDate "2014.11.??"]
[EventType "swiss"]
[EventRounds "7"]
[EventCountry "GER"]
[WhiteTeam "SC Herxheim"]
[BlackTeam "SC Bad Nauheim"]

1. d4 Nf6 2. c4 e6 3. Nf3 d5 4. e3 c5 5. Nc3 Nc6 6. cxd5 Nxd5 7. Bc4 Nf6 8. O-O
Be7 9. Qe2 O-O 10. Rd1 Qc7 11. a3 a6 12. h3 b6 13. d5 Ne5 14. Nxe5 Qxe5 15. d6
Bd8 16. f4 Qh5 17. Qxh5 Nxh5 18. e4 b5 19. Be2 Nf6 20. e5 Nd7 21. Bf3 Rb8 22.
Be3 Bb7 23. Ne4 Bb6 24. Rac1 Rfc8 25. Kf2 Ba8 26. b4 Bxe4 27. Bxe4 c4 28. Bxb6
Rxb6 29. Ke3 Rbb8 30. h4 f5 31. Bf3 Kf7 32. g4 fxg4 33. Bxg4 g6 34. h5 Rh8 35.
Ke4 Rbc8 36. Rc3 Rcd8 37. Rh1 Nb6 38. Rch3 gxh5 39. Rxh5 c3 40. Bxe6+ Kxe6 41.
Rxh7 1-0

[Event "Schloss op 1st"]
[Site "Heusenstamm"]
[Date "2014.11.21"]
[Round "2.21"]
[White "Holzschuh, Gerald"]
[Black "Klyszcz, Michael"]
[Result "1-0"]
[WhiteElo "2118"]
[BlackElo "1969"]
[PlyCount "117"]
[EventDate "2014.11.??"]
[EventType "swiss"]
[EventRounds "7"]
[EventCountry "GER"]
[WhiteTeam "SC Bad Nauheim"]
[BlackTeam "SG Loeberitz"]

1. e4 e6 2. d4 d5 3. exd5 exd5 4. Nf3 Nc6 5. c3 Nf6 6. Bd3 Be7 7. O-O O-O 8.
Re1 Bg4 9. Nbd2 Re8 10. Nf1 Bh5 11. Ng3 Bg6 12. Nf5 Ne4 13. Nxe7+ Rxe7 14. Bf4
Re6 15. h3 Qd7 16. Nh4 Nxf2 17. Kxf2 Rxe1 18. Kxe1 Qe7+ 19. Kf1 Qxh4 20. Bxc7
Re8 21. Bxg6 hxg6 22. Qf3 Qg5 23. Bf4 Qf5 24. Rc1 Re4 25. Bd2 Qe6 26. b3 Qd6
27. Re1 f5 28. Bc1 Qc7 29. Kf2 Qa5 30. Re2 Rxe2+ 31. Qxe2 Qxc3 32. Bb2 Qa5 33.
a3 Qb6 34. Qe3 Na5 35. b4 Nc4 36. Qc3 Qf6 37. Bc1 Qh4+ 38. Kf1 Qe4 39. Kf2 b5
40. Kf1 g5 41. Qe1 f4 42. h4 Ne3+ 43. Bxe3 fxe3 44. hxg5 Qxd4 45. Ke2 Qe4 46.
Qg3 d4 47. g6 Qc2+ 48. Kf3 Qc6+ 49. Ke2 Qe8 50. Qd6 a6 51. g4 Kh8 52. Qh2+ Kg8
53. Qh4 Kf8 54. Qh8+ Ke7 55. Qxg7+ Ke6 56. Qxd4 Qxg6 57. Qb6+ Kf7 58. Qxg6+
Kxg6 59. Kxe3 1-0

[Event "Schloss op 1st"]
[Site "Heusenstamm"]
[Date "2014.11.21"]
[Round "2.22"]
[White "Keller, Alexander"]
[Black "Simon, Eric"]
[Result "0-1"]
[WhiteElo "1963"]
[BlackElo "2114"]
[PlyCount "98"]
[EventDate "2014.11.??"]
[EventType "swiss"]
[EventRounds "7"]
[EventCountry "GER"]
[WhiteTeam "SK Buchloe"]
[BlackTeam "SV Bannewitz"]

1. Nc3 Nf6 2. e4 d5 3. e5 d4 4. exf6 dxc3 5. fxe7 cxd2+ 6. Bxd2 Bxe7 7. Bd3 O-O
8. Qh5 g6 9. Qf3 Nc6 10. Bc3 Nd4 11. Qd1 Bf6 12. Ne2 Nxe2 13. Bxe2 Qxd1+ 14.
Rxd1 Bxc3+ 15. bxc3 Re8 16. Rd2 Be6 17. a3 Rad8 18. Kd1 Bd5 19. Rg1 Bc6 20. g3
Rxd2+ 21. Kxd2 Re5 22. Bd3 Ra5 23. Ra1 Kg7 24. Ke3 g5 25. Kd2 h6 26. Ke3 Kf6
27. Kd2 b6 28. Ke3 Re5+ 29. Kd2 g4 30. Be2 h5 31. Bd3 Ra5 32. Ke3 Ra4 33. Kd2
Ke6 34. Ke3 f5 35. Kd2 Ke5 36. Re1+ Kf6 37. Ra1 f4 38. Bh7 Be4 39. Bxe4 Rxe4
40. Rb1 f3 41. Re1 Ke5 42. Re3 Kd5 43. Rd3+ Kc4 44. Rd7 Re2+ 45. Kd1 c5 46. Rh7
Kxc3 47. Rxh5 Rd2+ 48. Kc1 Rxc2+ 49. Kb1 Rb2+ 0-1